000 00760nam a22002897a 4500
001 BR0703093
003 BR-BrBNA
005 20230928102450.0
007 ta
008 230509b bl.||||| |||| 00| 0 por d
040 _aBR-BrBNA
_bpor
_cBiblioteca Nacional de Agricultura
041 _a(Por)
072 _aH20
_b0430
_b4120
090 _ 0430 BR0703093
100 1 _aMachado, A.Q.
100 1 _aCassetari Neto, D.
100 1 _aGuerra, W.D.
245 1 _aOcorrência de Fusarium oxysporum f. sp. vasinfectum em algodoeiro no estado do Mato Grosso
260 3 _anp:
_cnd.
300 _a1 p.
650 _aALGODÃO
650 _aFUSARIOSE
650 _aFUSARIUM
650 _aMATO GROSSO
909 _a202309
_bLucia
_c55
_dLucia Elande
942 _cBK
999 _c70906
_d70906